000 01530nam0a2200385 4500
001 RU\NLR\BIBL_A\022020785
005 20231004161754.0
010 _a978-5-907501-88-1
_92000
021 _aRU
_bКН-П-23-048819
_9КН-П-23-4878
021 _aRU
_bКН-П-24-078678
_9КН-П-24-7862
035 _a(NLR Aleph) 022020785
035 _a(RuMoRGB)011987522
090 _a12511546
_c12511546
100 _a20230907d2022 c y0rusy50 ca
101 0 _arus
102 _aRU
105 _aa|||z|||000ay
181 0 _ai3
_baxxe
181 0 _ab2
_bxb2e
182 0 _an
200 1 _aГолубиная история
_e[для младшего школьного возраста
_eдля чтения взрослыми детям]
_fАлександра Боровецкая
_gхудожник: Галина Зинько
203 _aТекст
_aИзображение
_bвизуальные
_cнепосредственные
205 _a[2-е изд.]
210 _aМосква
_cНастя и Никита
_d2022
215 _a22, [2] с.
_cцв. ил.
_d27
225 1 _aСерия "Настя и Никита"
_vвып. 108
333 _a6+
686 0 _aШ9(2)60=Р7-4
700 1 _aБоровецкая
_bА. В.
_f1982-
_gАлександра Владимировна
_3RU\NLR\AUTH\770134441
702 1 _aЗинько
_bГ. В.
_gГалина В.
_3RU\NLR\AUTH\770197190
_4040
942 _cBOOK
980 _aNB